[Event "Bielefelder SK 1 - SK Königsspringer I"]
[Site "NRW-Klasse - Gruppe 2 2018/20"]
[Date "2019.05.12"]
[Round "9.4"]
[White "Goeßling, Guido"]
[Black "Runtemund, Rene"]
[Result "1/2-1/2"]
[WhiteElo "2100"]
[BlackElo "2022"]
[Annotator "Daniel"]
[PlyCount "70"]
[EventDate "2019.??.??"]
[WhiteTeam "Bielefelder SK 1"]
[BlackTeam "SK Königsspringer Iserlohn 1"]

1. e4 d5 2. exd5 Nf6 3. Bb5+ Bd7 4. Be2 Bf5 5. d4 Nxd5 6. Nf3 e6 7. O-O Be7 8.
c4 Nf6 9. Nc3 O-O 10. Qb3 Qc8 11. Bf4 a6 12. Ne5 Nbd7 13. Bf3 Rb8 14. Rfe1 Nxe5
15. Bxe5 Nd7 16. Bf4 Bd6 17. Be3 c5 18. Ne4 Bxe4 19. Bxe4 Qc7 20. h3 cxd4 $11
21. Bxd4 Nc5 22. Qf3 Nxe4 23. Rxe4 e5 24. Bc3 Rbd8 25. Rae1 f6 26. b4 Rf7 27.
Rh4 Bf8 28. Qe4 g6 29. a3 Qd7 30. f4 f5 31. Qxe5 Bg7 32. Qe3 Bxc3 33. Qxc3 Qd4+
34. Re3 Qxc3 35. Rxc3 Rd2 1/2-1/2

[Event "Bielefelder SK 1 - SK Königsspringer I"]
[Site "NRW-Klasse - Gruppe 2 2018/20"]
[Date "2019.05.12"]
[Round "9.5"]
[White "Kind, Bertram"]
[Black "Forchert, Niko"]
[Result "1/2-1/2"]
[WhiteElo "2106"]
[BlackElo "2067"]
[PlyCount "90"]
[EventDate "2019.??.??"]
[WhiteTeam "SK Königsspringer Iserlohn 1"]
[BlackTeam "Bielefelder SK 1"]

1. e4 d5 2. exd5 Qxd5 3. Nc3 Qd8 4. d4 Nf6 5. Nf3 Bg4 6. Be2 e6 7. h3 Bxf3 8.
Bxf3 c6 9. Bg5 Nbd7 10. Qd3 Qc7 11. O-O-O h6 12. Be3 O-O-O 13. Qc4 Nb6 14. Qb3
Nbd5 15. Rhe1 Bd6 16. Ne4 Nxe4 17. Bxe4 Qb6 18. Bxd5 exd5 19. Qxb6 axb6 20. Re2
Kd7 21. Rde1 Rhe8 22. Bd2 f5 23. Rxe8 Rxe8 24. Rxe8 Kxe8 25. Kd1 Ke7 26. Ke2 g5
27. Kf3 Kf6 28. g4 Kg6 29. Ke2 fxg4 30. hxg4 h5 31. gxh5+ Kxh5 32. f3 Kg6 33.
b3 b5 34. c3 Kf5 35. Kd3 Bf4 36. Be1 Bh2 37. Bd2 Bg1 38. c4 bxc4+ 39. bxc4 g4
40. fxg4+ Kxg4 41. cxd5 cxd5 42. Bh6 Kf3 43. Bg7 Bf2 44. a4 Be1 45. Bh6 Ba5
1/2-1/2

[Event "Bielefelder SK 1 - SK Königsspringer I"]
[Site "NRW-Klasse - Gruppe 2 2018/20"]
[Date "2019.05.12"]
[Round "9.6"]
[White "Roemhild, Marcus"]
[Black "Messarius, Juergen"]
[Result "0-1"]
[WhiteElo "2038"]
[BlackElo "2136"]
[PlyCount "54"]
[EventDate "2019.??.??"]
[WhiteTeam "Bielefelder SK 1"]
[BlackTeam "SK Königsspringer Iserlohn 1"]

1. c4 f5 2. g3 g6 3. Bg2 d6 4. Nc3 c6 5. d3 Bg7 6. e4 Nf6 7. Nge2 O-O 8. O-O a5
9. Rb1 e5 10. d4 Na6 11. a3 Nxe4 12. Nxe4 fxe4 13. dxe5 Bxe5 14. Bxe4 Nc5 15.
Bg2 Bf5 16. Ra1 Qb6 17. Nc3 a4 18. Bh6 Rfe8 19. Ra2 Bd3 20. Re1 Bxc4 21. Ra1
Qxb2 22. Rxe5 Rxe5 23. Rc1 Nd3 24. Ne4 Rxe4 25. Bxe4 Qxf2+ 26. Kh1 Nxc1 27.
Qxc1 Qf1+ 0-1

[Event "Bielefelder SK 1 - SK Königsspringer I"]
[Site "NRW-Klasse - Gruppe 2 2018/20"]
[Date "2019.05.12"]
[Round "9.7"]
[White "Franz, Christian"]
[Black "Schnitker, Rainer"]
[Result "1-0"]
[WhiteElo "2026"]
[BlackElo "2028"]
[PlyCount "129"]
[EventDate "2019.??.??"]
[WhiteTeam "SK Königsspringer Iserlohn 1"]
[BlackTeam "Bielefelder SK 1"]

1. c4 c5 2. Nc3 g6 3. g3 Bg7 4. Bg2 e5 5. d3 Nc6 6. Rb1 Nge7 7. h4 h6 8. Be3 d6
9. Qc1 Rb8 10. a3 a5 11. Bd2 f5 12. h5 Nd4 13. b4 axb4 14. axb4 g5 15. e3 Ne6
16. Nge2 O-O 17. Nd5 Kh8 18. f4 gxf4 19. gxf4 cxb4 20. Bxb4 Nc5 21. Bxc5 dxc5
22. fxe5 Nxd5 23. cxd5 Bxe5 24. Qxc5 Rg8 25. Bf3 b6 26. Qc6 Kh7 27. Kf2 Ba6 28.
Qe6 Qf6 29. d4 Qxe6 30. dxe6 Bxe2 31. Kxe2 Bd6 32. Rb5 Rgf8 33. Rd5 Rbd8 34.
Rb1 Rf6 35. Rxb6 Rxe6 36. Rxf5 Rde8 37. e4 Ba3 38. Rxe6 Rxe6 39. Kd3 Kg7 40. e5
Re7 41. Bd5 Ra7 42. Ke4 Bb2 43. Bc6 Ra1 44. Rf2 Re1+ 45. Kd5 Bc3 46. Rf3 Bb2
47. Rb3 Re2 48. Rb7+ Kf8 49. e6 Ba3 50. Rf7+ Kg8 51. Rf5 Be7 52. Bb5 Re1 53.
Bc4 Bf8 54. Kc6 Rc1 55. Kd7 Rxc4 56. Rxf8+ Kxf8 57. e7+ Kg7 58. e8=Q Rxd4+ 59.
Kc6 Rg4 60. Kd6 Rg5 61. Ke6 Rg1 62. Qf7+ Kh8 63. Qf6+ Kh7 64. Kf7 Rg5 65. Qg6+
1-0

[Event "Bielefelder SK 1 - SK Königsspringer I"]
[Site "NRW-Klasse - Gruppe 2 2018/20"]
[Date "2019.05.12"]
[Round "9.8"]
[White "Gruettemeier, Uwe"]
[Black "Lueck, Kai"]
[Result "1/2-1/2"]
[WhiteElo "1984"]
[BlackElo "2014"]
[PlyCount "86"]
[EventDate "2019.??.??"]
[WhiteTeam "Bielefelder SK 1"]
[BlackTeam "SK Königsspringer Iserlohn 1"]

1. d4 Nf6 2. Nf3 g6 3. c4 Bg7 4. g3 c6 5. Bg2 O-O 6. O-O d5 7. cxd5 cxd5 8. Nc3
Nc6 9. Bf4 e6 10. Ne5 Bd7 11. Qd2 Nh5 12. Bg5 Bf6 13. Bxf6 Nxf6 14. Qf4 Nh5 15.
Nxc6 Bxc6 16. Qd2 Nf6 17. Rfc1 Qd6 18. e3 Kg7 19. Rab1 a5 20. Ne2 Ne4 21. Qc2
g5 22. Nc3 f5 23. Qe2 Qd7 24. Nxe4 fxe4 25. Qg4 h6 26. h4 Qe7 27. Bh3 Rae8 28.
Rc5 Qf6 29. Rf1 a4 30. Bg2 Qf5 31. Qxf5 exf5 32. hxg5 hxg5 33. Rfc1 f4 34. exf4
gxf4 35. gxf4 Rxf4 36. R1c3 Ref8 37. Rg3+ Kf6 38. Rcc3 Ke7 39. Rg7+ Kd6 40.
Rg6+ Ke7 41. Rc2 Kf7 42. Rg3 Ke7 43. Rg7+ Kf6 1/2-1/2

[Event "Schach Nienberge 1 - Krefelder SK Turm "]
[Site "NRW-Klasse - Gruppe 1 2018/20"]
[Date "2018.09.16"]
[Round "1.1"]
[White "Stomberg, Thomas"]
[Black "Gottkehaskamp, Philipp"]
[Result "1/2-1/2"]
[WhiteElo "2306"]
[BlackElo "2034"]
[PlyCount "80"]
[EventDate "2018.??.??"]
[WhiteTeam "Krefelder SK Turm 1"]
[BlackTeam "Schach Nienberge 1"]

1. c4 Nf6 2. g3 g6 3. Bg2 Bg7 4. Nf3 O-O 5. d4 d6 6. O-O Nc6 7. Nc3 a6 8. b3
Rb8 9. Nd5 Nh5 10. Bb2 e6 11. Nc3 b5 12. d5 Ne7 13. dxe6 Bxe6 14. cxb5 axb5 15.
Qc2 b4 16. Na4 c5 17. Rfd1 Bxb2 18. Nxb2 Qc7 19. e4 Bg4 20. Nc4 Rfd8 21. Rd2
Nc6 22. Ne3 Be6 23. Rad1 Nf6 24. h3 Rd7 25. Bf1 Ne5 26. Nxe5 dxe5 27. Rxd7 Nxd7
28. h4 Qc6 29. Bc4 Nf8 30. Bd5 Qc7 31. Kg2 Rc8 32. Qc4 h5 33. Rd2 Kg7 34. Rc2
Qd6 35. Rd2 Qc7 36. Qe2 Qe7 37. Rc2 Qc7 38. Rc4 Qd6 39. Rc2 Qc7 40. Qc4 Qd6
1/2-1/2

[Event "Schach Nienberge 1 - Krefelder SK Turm "]
[Site "NRW-Klasse - Gruppe 1 2018/20"]
[Date "2018.09.16"]
[Round "1.3"]
[White "Van Gool, Rudi"]
[Black "Ringwelski, Marius"]
[Result "1-0"]
[WhiteElo "2209"]
[BlackElo "1959"]
[PlyCount "85"]
[EventDate "2018.??.??"]
[WhiteTeam "Krefelder SK Turm 1"]
[BlackTeam "Schach Nienberge 1"]

1. d4 d5 2. c4 c6 3. Nf3 Nf6 4. Qc2 g6 5. Bf4 Bf5 6. Qb3 Bxb1 7. Qxb7 Nbd7 8.
Rxb1 Bg7 9. c5 Rc8 10. Qa6 O-O 11. e3 Ne4 12. Bd3 Nexc5 13. dxc5 e5 14. Nxe5
Bxe5 15. Bxe5 Nxe5 16. O-O Nxd3 17. Qxd3 a5 18. Qc3 Rb8 19. Rfd1 Rb4 20. Rd4
Qb8 21. b3 Rxd4 22. Qxd4 Re8 23. Qa4 Qa8 24. Rd1 Rb8 25. a3 Qb7 26. Rb1 Qb5 27.
Qxb5 Rxb5 28. b4 axb4 29. axb4 Kf8 30. Kf1 Rb7 31. Ke2 Ra7 32. Rb2 Ke7 33. Kd3
Ke6 34. Kc3 Ra3+ 35. Kd4 Ra4 36. e4 dxe4 37. Kxe4 f5+ 38. Kd4 Ra1 39. Rd2 Rc1
40. h4 Re1 41. Kc3 Rc1+ 42. Kb2 Rf1 43. b5 1-0

[Event "Schach Nienberge 1 - Krefelder SK Turm "]
[Site "NRW-Klasse - Gruppe 1 2018/20"]
[Date "2018.09.16"]
[Round "1.4"]
[White "Gottkehaskamp, Stefan"]
[Black "Kern, Guido"]
[Result "1/2-1/2"]
[WhiteElo "1998"]
[BlackElo "2286"]
[PlyCount "55"]
[EventDate "2018.??.??"]
[WhiteTeam "Schach Nienberge 1"]
[BlackTeam "Krefelder SK Turm 1"]

1. d4 e6 2. Bf4 Nf6 3. e3 c5 4. c3 Nc6 5. Nd2 d5 6. Bd3 Bd6 7. Bg3 O-O 8. Ngf3
b6 9. Ne5 Bb7 10. f4 Ne7 11. Qb1 g6 12. O-O Nf5 13. Bf2 Be7 14. Qe1 Nd6 15. Bh4
a5 16. Rd1 Qc7 17. g4 Ba6 18. Bxa6 Rxa6 19. Bxf6 Bxf6 20. h4 Qd8 21. g5 Bg7 22.
h5 gxh5 23. Qe2 Ra8 24. Qxh5 f5 25. Ndf3 Bxe5 26. Nxe5 Qe8 27. Qh4 Ra7 28. Rf2
1/2-1/2

[Event "Schach Nienberge 1 - Krefelder SK Turm "]
[Site "NRW-Klasse - Gruppe 1 2018/20"]
[Date "2018.09.16"]
[Round "1.5"]
[White "Terhuven, Patrick"]
[Black "Kemper, Georg"]
[Result "1-0"]
[WhiteElo "2157"]
[BlackElo "2001"]
[PlyCount "59"]
[EventDate "2018.??.??"]
[WhiteTeam "Krefelder SK Turm 1"]
[BlackTeam "Schach Nienberge 1"]

1. Nf3 e6 2. c4 f5 3. g3 b6 4. Bg2 Bb7 5. O-O Nf6 6. b3 Be7 7. Bb2 O-O 8. d4 c6
9. Ne5 d6 10. Nd3 Qd7 11. Nd2 Na6 12. e4 c5 13. exf5 Bxg2 14. Kxg2 exf5 15. d5
b5 16. Re1 bxc4 17. bxc4 Rab8 18. Bc3 Ng4 19. Qe2 Bf6 20. Bxf6 Rfe8 21. Be7 Kf7
22. Qf3 Rxe7 23. Rxe7+ Kxe7 24. Re1+ Kf7 25. Re6 g6 26. Ne4 Rb6 27. h3 Nc7 28.
hxg4 Nxe6 29. dxe6+ Kxe6 30. Nexc5+ 1-0

[Event "Schach Nienberge 1 - Krefelder SK Turm "]
[Site "NRW-Klasse - Gruppe 1 2018/20"]
[Date "2018.09.16"]
[Round "1.6"]
[White "Althoff, Franz"]
[Black "Winkel, Peter"]
[Result "0-1"]
[WhiteElo "1991"]
[BlackElo "2122"]
[PlyCount "51"]
[EventDate "2018.??.??"]
[WhiteTeam "Schach Nienberge 1"]
[BlackTeam "Krefelder SK Turm 1"]

1. Nf3 d5 2. c4 c6 3. e3 Nf6 4. Nc3 Nbd7 5. d4 e6 6. Bd3 dxc4 7. Bxc4 b5 8. Bd3
Bd6 9. a4 b4 10. Ne4 Nxe4 11. Bxe4 Bb7 12. Qb3 O-O 13. a5 Rc8 14. a6 Ba8 15.
O-O Nf6 16. Bd3 c5 17. Bc4 cxd4 18. Nxd4 Bxh2+ 19. Kxh2 Ng4+ 20. Kg3 Ne5 21.
Nxe6 fxe6 22. Bxe6+ Kh8 23. Bh3 Nf3 24. gxf3 Rxf3+ 25. Kh2 Qd6+ 26. Kg1 0-1

[Event "Schach Nienberge 1 - Krefelder SK Turm "]
[Site "NRW-Klasse - Gruppe 1 2018/20"]
[Date "2018.09.16"]
[Round "1.7"]
[White "Dorner, Matthias"]
[Black "Haas, Kai"]
[Result "1/2-1/2"]
[WhiteElo "2133"]
[BlackElo "1931"]
[PlyCount "92"]
[EventDate "2018.??.??"]
[WhiteTeam "Krefelder SK Turm 1"]
[BlackTeam "Schach Nienberge 1"]

1. d4 d6 2. c3 Nf6 3. Bf4 g6 4. e3 Bg7 5. h3 Nbd7 6. Nf3 O-O 7. Nbd2 Re8 8. Bc4
e6 9. O-O a6 10. a4 b6 11. Re1 Bb7 12. Bh2 h6 13. Qc2 Qe7 14. Be2 Rac8 15. Nc4
Ne4 16. Nfd2 Nxd2 17. Nxd2 e5 18. Bf3 e4 19. Be2 Nf6 20. Qb3 Rb8 21. Qa3 Bf8
22. a5 b5 23. c4 bxc4 24. Nxc4 Bc6 25. Rac1 Bb5 26. Qa2 Qe6 27. b3 h5 28. Red1
Nd5 29. Qd2 Rb7 30. Qe1 Kh7 31. Rc2 f5 32. Rdc1 Ra8 33. Nd2 Bxe2 34. Qxe2 Raa7
35. Qc4 Qg8 36. g4 Bh6 37. Kh1 Nb4 38. Qxg8+ Kxg8 39. Rc4 Nd3 40. Rf1 hxg4 41.
hxg4 Rb5 42. gxf5 gxf5 43. Ra4 Ra8 44. Rc4 Rb7 45. Rc6 Nb4 46. Rc4 Nd3 1/2-1/2

[Event "Schach Nienberge 1 - Krefelder SK Turm "]
[Site "NRW-Klasse - Gruppe 1 2018/20"]
[Date "2018.09.16"]
[Round "1.8"]
[White "Keller, Dirk"]
[Black "Fehmer, Carsten"]
[Result "1/2-1/2"]
[WhiteElo "1892"]
[BlackElo "2060"]
[PlyCount "55"]
[EventDate "2018.??.??"]
[WhiteTeam "Schach Nienberge 1"]
[BlackTeam "Krefelder SK Turm 1"]

1. c4 c5 2. g3 g6 3. Bg2 Bg7 4. Nc3 Nc6 5. Nf3 d6 6. O-O e6 7. e3 Nge7 8. d4
O-O 9. d5 Na5 10. Nd2 exd5 11. Nxd5 Nxd5 12. Bxd5 Be6 13. e4 Bxd5 14. exd5 a6
15. Rb1 b5 16. b3 Rb8 17. Qc2 bxc4 18. bxc4 Rxb1 19. Qxb1 Qb8 20. Qd3 Qb4 21.
Ba3 Qc3 22. Qxc3 Bxc3 23. Ne4 Be5 24. Rc1 f5 25. Ng5 Rb8 26. Rc2 Rb1+ 27. Kg2
Bf6 28. Ne6 1/2-1/2

[Event "LSV Turm Lippstadt 1 - SF Lieme 1"]
[Site "NRW-Klasse - Gruppe 1 2018/20"]
[Date "2018.09.16"]
[Round "1.1"]
[White "Niermann, Tristan"]
[Black "Wehmeier, Stefan"]
[Result "0-1"]
[WhiteElo "2271"]
[BlackElo "2301"]
[PlyCount "72"]
[EventDate "2018.??.??"]
[WhiteTeam "SF Lieme 1"]
[BlackTeam "LSV Turm Lippstadt 1"]

1. d4 d5 2. c4 e6 3. Nf3 c6 4. Qc2 Nd7 5. g3 b5 6. b3 a5 7. Bg2 a4 8. cxd5 axb3
9. Qxb3 cxd5 10. O-O Ba6 11. e4 Nb6 12. Ne5 Rc8 13. Re1 Nf6 14. a4 Nxe4 15.
axb5 Bb7 16. Ra7 Rc7 17. Nd2 Nd6 18. Ba3 Qb8 19. Ra5 Be7 20. Bc5 Ndc8 21. Nc6
Bxc6 22. bxc6 Rxc6 23. Qb5 Qc7 24. Rb1 Bxc5 25. dxc5 Nd7 26. Nb3 O-O 27. Rc1
Nd6 28. cxd6 Rxc1+ 29. Bf1 Rxf1+ 30. Kxf1 Qxd6 31. Ra6 Qc7 32. Nd4 Ne5 33. f4
Qc1+ 34. Ke2 Nc4 35. Qc5 e5 36. Nc6 Qc2+ 0-1

[Event "LSV Turm Lippstadt 1 - SF Lieme 1"]
[Site "NRW-Klasse - Gruppe 1 2018/20"]
[Date "2018.09.16"]
[Round "1.2"]
[White "Wagner, Alexej"]
[Black "Wittke, Rene"]
[Result "1/2-1/2"]
[WhiteElo "2280"]
[BlackElo "2222"]
[Annotator "Daniel"]
[PlyCount "162"]
[EventDate "2018.??.??"]
[WhiteTeam "LSV Turm Lippstadt 1"]
[BlackTeam "SF Lieme 1"]

1. d4 Nf6 2. c4 Nc6 3. Nf3 e6 4. Nc3 Bb4 5. e3 Bxc3+ 6. bxc3 O-O 7. Bd3 d6 8.
O-O Re8 9. Qc2 Na5 10. Ba3 b6 11. Rae1 c5 12. Nd2 Bb7 13. e4 e5 14. d5 Ba6 15.
Qd1 Nd7 16. Kh1 Rc8 17. Bc1 Nf8 18. g3 Rc7 19. f3 f6 20. Rf2 Qd7 21. Rg1 g6 22.
f4 Qg7 23. Nf1 Rce7 24. fxe5 Rxe5 25. Bf4 Rxe4 26. Bxe4 Rxe4 27. Nd2 Re8 28.
Bxd6 Nxc4 29. Bxf8 Rxf8 30. Qe2 Qf7 31. Re1 Bb7 32. Nxc4 Bxd5+ 33. Kg1 Bxc4 $11
34. Qd2 f5 35. Qf4 Bxa2 36. Rfe2 Bd5 37. Re7 Qf6 38. c4 Be4 39. Rxa7 Qd4+ 40.
Qe3 Qxc4 41. Rd1 Qc2 42. Rd2 Qb1+ 43. Kf2 f4 44. gxf4 Qb4 45. Re7 Bf5 46. Rd6
Qb2+ 47. Kg3 h5 48. Rd2 Qf6 49. Qb3+ Kh8 50. Qb2 h4+ 51. Kf3 Qxb2 52. Rxb2 Rb8
53. Rc7 Kg8 54. Rxc5 bxc5 55. Rxb8+ Kf7 56. Rb5 c4 57. Rc5 Bd3 58. Rc6 h3 59.
Ke3 Kg7 60. Kd4 Kf7 61. Ke5 Kg7 62. Rc8 Bf1 63. Rc5 Bd3 64. Rc6 Kh6 65. Kd4 Kh5
66. Ke3 Kh6 67. Kf3 Kg7 68. Kg3 Bf1 69. Re6 Bd3 70. Rc6 Bf1 71. Rd6 Bg2 72. Kg4
Kf7 73. Kg3 Bf1 74. Rd1 Bd3 75. Kxh3 Ke6 76. Kg3 Kd5 77. Kf3 Kd4 78. Ra1 c3 79.
h4 c2 80. Rg1 Kc3 81. Ke3 Bf5 1/2-1/2

[Event "LSV Turm Lippstadt 1 - SF Lieme 1"]
[Site "NRW-Klasse - Gruppe 1 2018/20"]
[Date "2018.09.16"]
[Round "1.3"]
[White "Himpenmacher, Andy"]
[Black "Hecht, Carsten"]
[Result "1-0"]
[WhiteElo "2199"]
[BlackElo "2251"]
[PlyCount "49"]
[EventDate "2018.??.??"]
[WhiteTeam "SF Lieme 1"]
[BlackTeam "LSV Turm Lippstadt 1"]

1. d4 Nf6 2. Bf4 g6 3. Nc3 d5 4. e3 Bg7 5. h4 h5 6. Nf3 Bg4 7. Be2 Bxf3 8. Bxf3
c6 9. Qd3 O-O 10. O-O-O b5 11. Rdg1 Qc8 12. Qe2 Nbd7 13. g4 hxg4 14. Bxg4 Nxg4
15. Qxg4 Nf6 16. Qe2 b4 17. Na4 Nh5 18. Bh6 Bxh6 19. Qxh5 Kh7 20. Qe2 Qf5 21.
Nc5 f6 22. f4 e5 23. h5 exf4 24. hxg6+ Kg7 25. Qa6 1-0

[Event "LSV Turm Lippstadt 1 - SF Lieme 1"]
[Site "NRW-Klasse - Gruppe 1 2018/20"]
[Date "2018.09.16"]
[Round "1.4"]
[White "Grobbel, Rainer"]
[Black "Essing, Arnold"]
[Result "1/2-1/2"]
[WhiteElo "2127"]
[BlackElo "2165"]
[PlyCount "24"]
[EventDate "2018.??.??"]
[WhiteTeam "LSV Turm Lippstadt 1"]
[BlackTeam "SF Lieme 1"]

1. d4 d5 2. c4 c6 3. e3 Nf6 4. Nc3 g6 5. Nf3 Bg7 6. Bd3 O-O 7. O-O Bg4 8. h3
Bxf3 9. Qxf3 Qd6 10. b3 Nbd7 11. cxd5 Nxd5 12. Nxd5 cxd5 1/2-1/2

[Event "LSV Turm Lippstadt 1 - SF Lieme 1"]
[Site "NRW-Klasse - Gruppe 1 2018/20"]
[Date "2018.09.16"]
[Round "1.5"]
[White "Wolf, Andre"]
[Black "Pollmueller, Michael"]
[Result "1-0"]
[WhiteElo "2138"]
[BlackElo "2097"]
[PlyCount "89"]
[EventDate "2018.??.??"]
[WhiteTeam "SF Lieme 1"]
[BlackTeam "LSV Turm Lippstadt 1"]

1. e4 Nf6 2. e5 Nd5 3. d4 d6 4. c4 Nb6 5. exd6 cxd6 6. Nc3 g6 7. Be3 Bg7 8. Rc1
O-O 9. Nf3 d5 10. c5 Nc4 11. Nxd5 Nxe3 12. Nxe3 Qa5+ 13. Qd2 Qxd2+ 14. Kxd2 Nc6
15. d5 Rd8 16. Bc4 e6 17. Ke2 exd5 18. Bxd5 Bxb2 19. Rc4 Ne7 20. Be4 Be6 21.
Rc2 Ba3 22. Bxb7 Rab8 23. c6 Rf8 24. Rd1 Rfe8 25. Kf1 Nf5 26. Nd4 Nxe3+ 27.
fxe3 Bg4 28. Rd3 Bd6 29. h3 Bc8 30. Rb3 Be5 31. Kf2 Kf8 32. Rc5 Bc7 33. Rd5 Bb6
34. a4 Bxb7 35. cxb7 Re7 36. Nc6 Rbxb7 37. Nxe7 Rxe7 38. a5 Bc7 39. Kf3 Re6 40.
Rb7 Bh2 41. Rd8+ Kg7 42. Rdd7 Rf6+ 43. Ke2 Bg1 44. Rxa7 h5 45. Rxf7+ 1-0

[Event "LSV Turm Lippstadt 1 - SF Lieme 1"]
[Site "NRW-Klasse - Gruppe 1 2018/20"]
[Date "2018.09.16"]
[Round "1.6"]
[White "Meier, Jan"]
[Black "Schaffarczyk, Andre"]
[Result "1/2-1/2"]
[WhiteElo "2067"]
[BlackElo "2129"]
[PlyCount "45"]
[EventDate "2018.??.??"]
[WhiteTeam "LSV Turm Lippstadt 1"]
[BlackTeam "SF Lieme 1"]

1. d4 d5 2. c4 e6 3. Nf3 Nf6 4. g3 Bb4+ 5. Bd2 Bd6 6. Qc2 c6 7. Bg2 O-O 8. O-O
Ne4 9. Bf4 Bxf4 10. gxf4 f5 11. Nbd2 Bd7 12. Ne5 Na6 13. Nxe4 fxe4 14. e3 Be8
15. f3 exf3 16. Bxf3 Rf6 17. Kh1 Bg6 18. Qd2 Qe7 19. a3 Rd8 20. b4 Nb8 21. b5
cxb5 22. cxb5 Nd7 23. Rfc1 1/2-1/2

[Event "LSV Turm Lippstadt 1 - SF Lieme 1"]
[Site "NRW-Klasse - Gruppe 1 2018/20"]
[Date "2018.09.16"]
[Round "1.7"]
[White "Stork, Holger"]
[Black "Fecke, Andreas"]
[Result "0-1"]
[WhiteElo "2064"]
[BlackElo "2058"]
[PlyCount "112"]
[EventDate "2018.??.??"]
[WhiteTeam "SF Lieme 1"]
[BlackTeam "LSV Turm Lippstadt 1"]

1. e4 e5 2. Bc4 d6 3. Nf3 Be7 4. O-O Nf6 5. d3 O-O 6. Re1 c6 7. Bb3 Nbd7 8. c3
d5 9. Nbd2 dxe4 10. Nxe4 Nxe4 11. dxe4 Qc7 12. a4 Nc5 13. Bc4 Be6 14. Qe2 Rad8
15. Bg5 Bxg5 16. Nxg5 Bxc4 17. Qxc4 Nd3 18. Re2 Nf4 19. Re3 Rd2 20. g3 Qd7 21.
gxf4 exf4 22. Re2 Qg4+ 23. Kf1 Rxe2 24. Qxe2 Qxg5 25. Rd1 Qh4 26. f3 h6 27. Qf2
Qh5 28. Kg2 b6 29. Rd7 Re8 30. Rd3 Re5 31. b4 Rg5+ 32. Kh1 Qh3 33. c4 Kh7 34.
Rd1 Rg3 35. Rf1 Qh5 36. Qe2 Rg5 37. Rg1 Rxg1+ 38. Kxg1 Qe5 39. Qc2 g5 40. Kg2
Kg6 41. Qd2 g4 42. Qd7 Qb2+ 43. Kg1 Qc1+ 44. Kg2 gxf3+ 45. Kxf3 Qe3+ 46. Kg4
h5+ 47. Kh4 Qf2+ 48. Kh3 Qf3+ 49. Kh4 Qf2+ 50. Kh3 Qf1+ 51. Kh4 Qe1+ 52. Kh3
Qxe4 53. Qd1 f6 54. Qg1+ Kh6 55. Qg8 Qf5+ 56. Kh4 Qg5+ 0-1

[Event "LSV Turm Lippstadt 1 - SF Lieme 1"]
[Site "NRW-Klasse - Gruppe 1 2018/20"]
[Date "2018.09.16"]
[Round "1.8"]
[White "Kuehler, Andreas"]
[Black "Schulte, Oliver"]
[Result "1-0"]
[WhiteElo "1876"]
[BlackElo "2059"]
[Annotator "Daniel"]
[PlyCount "101"]
[EventDate "2018.??.??"]
[WhiteTeam "LSV Turm Lippstadt 1"]
[BlackTeam "SF Lieme 1"]

1. d4 Nf6 2. Nf3 e6 3. c4 Bb4+ 4. Bd2 c5 5. g3 O-O 6. Bg2 Re8 7. a3 Bxd2+ 8.
Qxd2 cxd4 9. Nxd4 Nc6 10. Nc3 a6 11. O-O Qc7 12. Nxc6 bxc6 13. c5 a5 14. Nb5
Qb8 15. Nd6 Rf8 16. b4 Qa7 17. Qd4 Rb8 18. Rfb1 Ba6 19. Bf3 Qc7 20. Rb2 Ne8 21.
Rd1 Nxd6 22. Qxd6 Qxd6 23. Rxd6 Rb7 24. b5 Rxb5 25. Rxb5 Bxb5 26. Rxd7 Rc8 $11
27. Kf1 g6 28. Ke1 a4 29. Kd2 Kf8 30. e3 Ke8 31. Rd6 Rd8 32. Rxd8+ Kxd8 33. Kc3
f6 34. Bd1 Kc7 35. Kb4 e5 36. f4 g5 37. Bxa4 Be2 38. Kc3 g4 39. Bc2 h6 40. Be4
Kb7 41. Kd2 Bc4 42. Bf5 Ka6 43. Bd3 Kb5 44. Kc3 Bxd3 45. Kxd3 Kxc5 46. fxe5
fxe5 47. Ke4 Kd6 48. a4 c5 49. Kd3 Kd5 50. e4+ Kc6 51. Kc4 1-0

[Event "Oberhausener SV 1 - SF Brackel 1"]
[Site "NRW-Klasse - Gruppe 1 2018/20"]
[Date "2018.09.16"]
[Round "1.1"]
[White "Luft, Dennis"]
[Black "Hort, Vlastimil"]
[Result "1-0"]
[WhiteElo "2249"]
[BlackElo "2375"]
[PlyCount "97"]
[EventDate "2018.??.??"]
[WhiteTeam "SF Brackel 1"]
[BlackTeam "Oberhausener SV 1"]

1. e4 d6 2. d4 Nf6 3. Nc3 g6 4. Bg5 Bg7 5. Qd2 h6 6. Be3 Ng4 7. Bf4 e5 8. dxe5
dxe5 9. Qxd8+ Kxd8 10. Bg3 h5 11. h3 Nh6 12. Nf3 f6 13. O-O-O+ Bd7 14. Bc4 Re8
15. Rd3 c6 16. Rhd1 Kc8 17. Rd6 g5 18. h4 g4 19. Ng5 b5 20. Be6 Re7 21. Bxd7+
Rxd7 22. Rxd7 Nxd7 23. Ne6 Bf8 24. Nxf8 Nxf8 25. Rd6 Ng8 26. Rxc6+ Kd7 27. Ra6
Ne6 28. Nd5 Nc5 29. Nxf6+ Nxf6 30. Rxf6 Nxe4 31. Rf5 Nxg3 32. fxg3 Ke6 33. Rxh5
Rf8 34. Rg5 Rf2 35. h5 Rxg2 36. Rxg4 Kf5 37. Rh4 Rxg3 38. h6 Rg8 39. h7 Rh8 40.
Kd2 Kg5 41. Rh1 Kf4 42. Ke2 a5 43. c3 b4 44. c4 a4 45. c5 Kf5 46. Ke3 b3 47.
axb3 axb3 48. c6 Ke6 49. Ke4 1-0

[Event "Oberhausener SV 1 - SF Brackel 1"]
[Site "NRW-Klasse - Gruppe 1 2018/20"]
[Date "2018.09.16"]
[Round "1.2"]
[White "Becker, Marcel"]
[Black "Kartsev, Soel"]
[Result "1/2-1/2"]
[WhiteElo "2272"]
[BlackElo "2220"]
[PlyCount "101"]
[EventDate "2018.??.??"]
[WhiteTeam "Oberhausener SV 1"]
[BlackTeam "SF Brackel 1"]

1. d4 Nf6 2. c4 e6 3. Nf3 b6 4. a3 Bb7 5. Nc3 d5 6. cxd5 Nxd5 7. Qc2 Be7 8. e4
Nxc3 9. bxc3 Nd7 10. Bd3 e5 11. Nxe5 Nxe5 12. dxe5 Qd7 13. O-O O-O-O 14. Bc4
Bc5 15. Qe2 Qe7 16. Bf4 h5 17. h3 g5 18. Be3 g4 19. h4 Qxe5 20. Bxc5 Qxc5 21.
Bxf7 Qe7 22. Bc4 Qxh4 23. Ba6 g3 24. fxg3 Qxg3 25. Rf3 Qe5 26. a4 Rhe8 27. Re3
Qc5 28. Kh1 Re5 29. a5 b5 30. Bxb7+ Kxb7 31. a6+ Kb6 32. Qe1 Qc4 33. Qf2 Rde8
34. Rf3+ Qc5 35. Rf6+ R8e6 36. Qf3 Qc6 37. Rxe6 Rxe6 38. Qf8 Re8 39. Qf2+ Qc5
40. Qf6+ Qd6 41. Qf2+ c5 42. Qe2 h4 43. Rf1 Kxa6 44. Ra1+ Kb6 45. Qa2 Qb8 46.
Qa6+ Kc7 47. Qg6 Rd8 48. e5 h3 49. Qh7+ Kb6 50. Qg6+ Kc7 51. Qh7+ 1/2-1/2

[Event "Oberhausener SV 1 - SF Brackel 1"]
[Site "NRW-Klasse - Gruppe 1 2018/20"]
[Date "2018.09.16"]
[Round "1.3"]
[White "Knudsen, Simon"]
[Black "Kummerow, Heiko"]
[Result "1/2-1/2"]
[WhiteElo "2193"]
[BlackElo "2112"]
[PlyCount "133"]
[EventDate "2018.??.??"]
[WhiteTeam "SF Brackel 1"]
[BlackTeam "Oberhausener SV 1"]

1. e4 e6 2. d4 d5 3. Nd2 c5 4. exd5 Qxd5 5. Ngf3 cxd4 6. Bc4 Qd7 7. O-O Nc6 8.
Nb3 Nf6 9. Nbxd4 Nxd4 10. Nxd4 a6 11. Re1 b5 12. Bb3 Bb7 13. Bg5 Ne4 14. Be3
Be7 15. Qg4 Nf6 16. Qh3 Bd5 17. Rad1 O-O 18. Bg5 Qc7 19. Bxd5 exd5 20. Nf5 Bd8
21. Nxg7 Kxg7 22. Qh6+ Kg8 23. Bxf6 Bxf6 24. Qxf6 Rae8 25. c3 Qd8 26. Qc6 Qa8
27. Qxa8 Rxe1+ 28. Rxe1 Rxa8 29. Re7 Rd8 30. g3 d4 31. cxd4 Rxd4 32. Ra7 Ra4
33. a3 b4 34. axb4 Rxb4 35. Rxa6 Rxb2 36. Kg2 Kg7 37. g4 Rb5 38. h4 h5 39. Ra4
hxg4 40. Rxg4+ Kh6 41. Kg3 Rb3+ 42. f3 Rb5 43. Ra4 Kg6 44. Kg4 Rc5 45. Ra6+ f6
46. Ra4 Rb5 47. Kg3 Rb1 48. Rg4+ Kf5 49. Rf4+ Kg6 50. Ra4 Rg1+ 51. Kf2 Rb1 52.
Ra5 Rb4 53. Kg3 Rc4 54. h5+ Kh6 55. f4 Rc8 56. Kg4 Rc6 57. Ra7 Rc5 58. Ra8 Kg7
59. Ra6 Rb5 60. Kh4 Rf5 61. Kg4 Rc5 62. Ra7+ Kh6 63. Rf7 Rxh5 64. Rxf6+ Kg7 65.
Ra6 Rb5 66. f5 Rb1 67. Kg5 1/2-1/2

[Event "Oberhausener SV 1 - SF Brackel 1"]
[Site "NRW-Klasse - Gruppe 1 2018/20"]
[Date "2018.09.16"]
[Round "1.4"]
[White "Nissen, Claus"]
[Black "Goldschmidt, Christian"]
[Result "0-1"]
[WhiteElo "2138"]
[BlackElo "2174"]
[PlyCount "44"]
[EventDate "2018.??.??"]
[WhiteTeam "Oberhausener SV 1"]
[BlackTeam "SF Brackel 1"]

1. d4 d5 2. c4 e6 3. Nc3 c6 4. Nf3 dxc4 5. e3 b5 6. a4 Bb4 7. Ne5 Nf6 8. Qf3
O-O 9. axb5 Nd5 10. e4 Nxc3 11. bxc3 Qxd4 12. Ra3 Qxe5 13. cxb4 cxb5 14. Bxc4
bxc4 15. Ra5 Qf6 16. Qg3 Nc6 17. Rg5 e5 18. Be3 h6 19. h4 hxg5 20. hxg5 Qg6 21.
Qh4 f5 22. Bc5 Be6 0-1